Κατάλογος Βιβλιοθηκών Mediterranean College

Επιθεώρηση Κοινωνικών Ερευνών / The Geek Review of Social Research (Record no. 5345)

MARC details
000 -LEADER
fixed length control field 01564cam a22001814a 4500
005 - ΗΜΕΡΟΜΗΝΙΑ ΚΑΙ ΩΡΑ ΤΕΛΕΥΤΑΙΑΣ ΕΝΗΜΕΡΩΣΗΣ
Πεδίο ελέγχου 20250605163500.0
008 - FIXED-LENGTH DATA ELEMENTS--GENERAL INFORMATION
Πεδίο ελέγχου σταθερού μήκους 250528s ||||||||||||||||||||||||d
035 ## - SYSTEM CONTROL NUMBER
System control number 20210
020 ## - ISBN
ISBN 139696
040 ## - ΠΗΓΗ ΚΑΤΑΛΟΓΟΓΡΑΦΗΣΗΣ
Φορέας πρωτότυπης καταλογογράφησης MC Athens Campus Library
Γλώσσα καταλογογράφησης Ελληνικά, Μοντέρνα (1453-)
Modifying agency MC Athens Campus Library
Κανόνες περιγραφικής καταλογογράφησης AACR2
245 1# - ΤΙΤΛΟΣ ΚΑΙ ΔΗΛΩΣΗ ΥΠΕΥΘΥΝΟΤΗΤΑΣ
Τίτλος Επιθεώρηση Κοινωνικών Ερευνών / The Geek Review of Social Research
260 ## - PUBLICATION, DISTRIBUTION, ETC.
Name of publisher, distributor, etc. Aviation Maintenance Publishers
-- Εθνικό Κέντρο Κοινωνικών Ερευνών,
Date of publication, distribution, etc. 2006
300 ## - PHYSICAL DESCRIPTION
Extent 232
520 ## - SUMMARY, ETC.
Summary, etc. Η Κοινωνική Πολιτική Κατοικίας στην Ελλάδα: Οι Διαστάσεις μιας Απουσίας, Βιογραφική Ρήξη και Ιδρυματισμός: Θεσμικές και Αφηγηματικές Διαστάσεις μιας Κοινωνικής Διαδικασίας, Χαρτογραφώντας ''Γκρίζες Ζώνες'' του Πολιτισμού: Πολιτιστικοί Φορείς στο Νόμο Κυκλάδων, Κοινωνική Ανάπτυξη και Κοινωνία Πολιτών και ΜΚΟ - Ένας Διαδραστικός Θεσμικός Μηχανισμός, Στατιστική Ανάλυση των Τάσεων Διαμόρφωσης Αξιακών Προτύπων της Έμμισθης Εργασίας στο Δημόσιο Τομέα και ο Ρόλος της Διάστασης του Φύλου, Αίτια και Πολιτικές Αντιμετώπισης του Αναλφαβητισμού.
942 ## - ADDED ENTRY ELEMENTS (KOHA)
Koha item type Books
Holdings
Τύπος τεκμηρίου Βιβλιοθήκη Τρέχουσα τοποθεσία Barcode Αριθμός εισαγωγής Ημερομηνία απόκτησης Ταξιθετικό σύμβολο Αριθμός αντιτύπου Κατάσταση απόσυρσης Κατάσταση χαμένου Κατάσταση κατεστραμμένου Μη δανεισμός Σύνολο δανεισμών Ημερομηνία τελευταίας εμφάνισης Η τιμή ισχύει από
Books MC Athens Campus Library MC Athens Campus Library 9780000053442 6465 05/06/2025 REF 361 KKE Β'/2006 1           05/06/2025 05/06/2025

MC Athens Campus Library
Πατησίων 94 & Κοδριγκτώνος 13, 104 34
Πελλήνης 8 & Πατησίων 107, 112 51
Τ: +30 210 8899600

MC Thessaloniki Campus Library
Ίωνος Δραγούμη 21, 54625 | Ίωνος Δραγούμη 15, 54625
Τ: +30 2310 287779 – Τ: +30 2314 440300